000 00874nam a22002897a 4500
003 CHAP
005 20220329132922.0
008 971013s1981 r 00010 d
010 _a248
011 _a1220
035 _a396
040 _cCHAP
090 _aFolleto 12414
110 _aCoconut Information Centre. Lunuwila, Sri Lanka
_924292
245 _aInternational directory of coconut research workers
260 _aLunuwila, Sri Lanka :
_bThe Centre,
_c1981
300 _a47 p.
500 _a35-205
590 _aBATCH-UPD
_b10
_c20130110
_lUCH01
_h2310
590 _aBATCH-UPD
_b10
_c20130410
_lUCH01
_h1602
590 _aBATCH-UPD
_b10
_c20130914
_lUCH01
_h0955
590 _aCONVERSION
_b10
_c20130109
_lUCH01
_h1302
650 1 4 _aCoco
_xInvestigación
_xDirectorios.
_924255
901 _aBK
942 _cFOLL
949 _aFolleto 12414
_bBC
_cFOLL
_d-9841
_eTS1
_i396
_si
999 _c248
_d248